Sladko v ústach, alebo, Ako robiť sladkosti a neprísť pri tom o rozum

Bibliographic Details
Main Author: Kardošová, Barbora, 1969- (Author)
Format: Book
Language:Slovak
PhysicalDescription:281 s. 22 cm
Published: Bratislava Slovart 2009
ISBN:9788080859824
Subjects:

MARC

LEADER 00000cam a2200000 a 4500
001 vtls010033740
003 SK-MaSNL
005 20260301083423.0
008 240313s2009 xo g 010 f slo
015 |a SNBA2010/11-05806 
020 |a 9788080859824  |q (viaz.) 
035 |a E2231B52-59B0-412C-84A6-2CED40FB23D6 
035 |a urn:nbn:sk:snk-amk1pc 
035 |a urn:nbn:sk:snk-am00860v 
040 |a SNK  |b slo  |c SNK  |e AACR2 
041 0 |a slo 
044 |a xo  |c SK 
072 7 |a 821.162.4-3  |x Slovenská próza  |2 konspekt 
080 |a 821.162.4-31  |2 2001 
100 1 |a Kardošová, Barbora,  |d 1969-  |4 aut  |9 191878 
245 1 0 |a Sladko v ústach, alebo, Ako robiť sladkosti a neprísť pri tom o rozum  |c Barbora Kardošová 
246 3 0 |a Ako robiť sladkosti a neprísť pri tom o rozum 
260 |a Bratislava  |b Slovart  |c 2009 
300 |a 281 s.  |c 22 cm 
655 7 |a slovenské romány  |2 SNKPH  |9 70324 
655 7 |a Slovak fiction  |2 SNKPHeng  |9 277096 
919 |a 978-80-8085-982-4 
958 |a LX 
968 |d 821 
999 |c 660480  |d 662410 
952 |a SNK  |b SNK  |y PREZ  |7 0  |p 17A0643479  |o snkSC 138744  |i snk2010/1860  |8 0  |0 0  |1 0  |4 0  |d 2010-02-01  |l 0  |r 2017-06-30 00:00:00  |w 2026-02-23 
952 |a SNK  |b SNK  |y PREZ  |7 0  |p 17A0643480  |o snkSC 138744 D1  |i snk2010/1861  |8 0  |0 0  |1 0  |4 0  |d 2010-02-01  |f 1  |l 0  |r 2026-02-23 18:51:59  |w 2026-02-23